[Event "Festival de Benidorm - Torneo Femenino"]
[Site "Benidorm ESP"]
[Date "2010.12.07"]
[Round "1.1"]
[White "L'Ami, Alina"]
[Black "Guramishvili, Sopiko"]
[Result "1/2-1/2"]
[WhiteElo "2348"]
[BlackElo "2319"]
[PlyCount "46"]
[EventDate "2010.12.07"]
[EventRounds "9"]
[EventCountry "ESP"]
[Source "lmi"]
[SourceDate "2010.12.07"]

1. d4 d5 2. c4 c6 3. Nf3 Nf6 4. Nc3 dxc4 5. a4 Bf5 6. e3 e6 7. Bxc4 Bb4 8. O-O
O-O 9. Qe2 Bg4 10. h3 Bh5 11. Rd1 Nbd7 12. e4 Qe7 13. e5 Nd5 14. Nxd5 cxd5 15.
Bd3 Rac8 16. a5 a6 17. Ra4 Nb8 18. g4 Bg6 19. Bxg6 hxg6 20. Bg5 f6 21. exf6
gxf6 22. Bh6 Rfe8 23. Qd3 Kh7 1/2-1/2

[Event "Festival de Benidorm - Torneo Femenino"]
[Site "Benidorm ESP"]
[Date "2010.12.07"]
[Round "1.2"]
[White "Mescheriakova, Evgenia"]
[Black "Daulyte, Deimante"]
[Result "0-1"]
[WhiteElo "2260"]
[BlackElo "2283"]
[PlyCount "106"]
[EventDate "2010.12.07"]
[EventRounds "9"]
[EventCountry "ESP"]
[Source "lmi"]
[SourceDate "2010.12.07"]

1. e4 e5 2. Nf3 Nc6 3. Bb5 a6 4. Ba4 Nf6 5. d3 d6 6. c3 g6 7. O-O Bg7 8. Nbd2
O-O 9. Re1 Nd7 10. Nf1 Nc5 11. Bc2 Ne6 12. Ng3 Qf6 13. Ne2 g5 14. Ng3 Nf4 15.
Nd2 Ne7 16. Nc4 Neg6 17. Ne3 Nh4 18. Nd5 Qh6 19. Ne7+ Kh8 20. Ngf5 Bxf5 21.
Nxf5 Nxf5 22. exf5 Qf6 23. Bxf4 gxf4 24. Qh5 d5 25. g4 Bh6 26. h4 f3 27. Bd1
Bd2 28. Bxf3 Bxe1 29. Rxe1 c6 30. Bg2 Rae8 31. Bh3 Qg7 32. g5 f6 33. f4 e4 34.
d4 Qf7 35. Qxf7 Rxf7 36. Kf2 e3+ 37. Ke2 Kg7 38. Rg1 a5 39. h5 h6 40. gxf6+ Kh7
41. Rg3 Rxf6 42. Rxe3 Rxe3+ 43. Kxe3 Kg7 44. Kd3 Rf8 45. c4 dxc4+ 46. Kxc4 Re8
47. Bf1 Re1 48. Bd3 Rc1+ 49. Kb3 Kf6 50. Ka4 Rd1 51. Bc2 Rd2 52. Bb3 b6 53. d5
Rd4+ 0-1

[Event "Festival de Benidorm - Torneo Femenino"]
[Site "Benidorm ESP"]
[Date "2010.12.07"]
[Round "1.3"]
[White "Nicolas Zapata, Irene"]
[Black "Guadamuro Torrente, Anabel"]
[Result "1-0"]
[WhiteElo "2097"]
[BlackElo "2143"]
[PlyCount "111"]
[EventDate "2010.12.07"]
[EventRounds "9"]
[EventCountry "ESP"]
[Source "lmi"]
[SourceDate "2010.12.07"]

1. d4 d5 2. c4 c6 3. Nc3 Nf6 4. Nf3 a6 5. e3 b5 6. b3 Bg4 7. h3 Bh5 8. g4 Bg6
9. Ne5 Ne4 10. Nxe4 Bxe4 11. f3 Bg6 12. h4 h6 13. Nxg6 fxg6 14. Qc2 Kf7 15. Bd3
Qd6 16. f4 Nd7 17. c5 Qf6 18. g5 hxg5 19. fxg5 Qe6 20. Rf1+ Ke8 21. Bxg6+ Kd8
22. Bf5 Qg8 23. Qf2 g6 24. Bd3 e5 25. Bd2 a5 26. a4 b4 27. O-O-O Be7 28. Be1
exd4 29. exd4 Qg7 30. Be2 Nxc5 31. Qe3 Ne4 32. Bf3 Nd6 33. Bg4 Re8 34. Qe6
Bxg5+ 35. hxg5 Rxe6 36. Bxe6 Ke7 37. Bg4 Ne4 38. Bf3 Rf8 39. Bh4 Rf4 40. Bxe4
Rxh4 41. Bc2 Rxd4 42. Rde1+ Kd8 43. Rf6 Rg4 44. Bxg6 Re4 45. Ref1 Re7 46. Kb1
Kd7 47. Rc1 c5 48. Rxc5 Re1+ 49. Kb2 Re2+ 50. Kc1 Re1+ 51. Kd2 Re2+ 52. Kd3 Re7
53. Bf5+ Re6 54. Bxe6+ Kd6 55. Rxd5+ Kc6 56. Bg8+ 1-0

[Event "Festival de Benidorm - Torneo Femenino"]
[Site "Benidorm ESP"]
[Date "2010.12.07"]
[Round "1.4"]
[White "Cerrato Torrijos, Maria"]
[Black "Matnadze, Ana"]
[Result "1-0"]
[WhiteElo "2100"]
[BlackElo "2410"]
[PlyCount "77"]
[EventDate "2010.12.07"]
[EventRounds "9"]
[EventCountry "ESP"]
[Source "lmi"]
[SourceDate "2010.12.07"]

1. e4 c5 2. Nf3 d6 3. d4 cxd4 4. Nxd4 Nf6 5. Nc3 Nc6 6. Be2 Nxd4 7. Qxd4 g6 8.
e5 dxe5 9. Qxe5 Bg7 10. O-O O-O 11. Rd1 Bd7 12. Qc5 Qc8 13. Qxe7 Re8 14. Qb4
Bf5 15. Be3 a6 16. Bf3 Qe6 17. Nd5 Rac8 18. Nxf6+ Bxf6 19. c3 b5 20. Qd6 a5 21.
Qxe6 Bxe6 22. Bb6 a4 23. a3 Bb3 24. Rd7 b4 25. axb4 a3 26. bxa3 Rxc3 27. Bd4
Bxd4 28. Rxd4 Rec8 29. h3 Ba4 30. Rd6 Kg7 31. Ra6 Bd7 32. a4 Bxh3 33. b5 Be6
34. b6 R8c4 35. b7 Rb4 36. a5 Rcb3 37. Rb6 Rxb6 38. axb6 Rxb6 39. Ra8 1-0

[Event "Festival de Benidorm - Torneo Femenino"]
[Site "Benidorm ESP"]
[Date "2010.12.07"]
[Round "1.5"]
[White "Pascual Palomo, Lucia"]
[Black "Perera Borrego, Mariela"]
[Result "1-0"]
[WhiteElo "2159"]
[BlackElo "2077"]
[PlyCount "149"]
[EventDate "2010.12.07"]
[EventRounds "9"]
[EventCountry "ESP"]
[Source "lmi"]
[SourceDate "2010.12.07"]

1. e4 d6 2. d4 Nf6 3. Nc3 e5 4. Nf3 Nbd7 5. Bc4 Be7 6. O-O O-O 7. a4 c6 8. Ba2
b6 9. Qe2 a6 10. Rd1 Qc7 11. h3 Rb8 12. Nh4 exd4 13. Rxd4 Re8 14. Bf4 Ne5 15.
Bg3 b5 16. f4 Nc4 17. f5 Ne5 18. Nf3 b4 19. Nd1 c5 20. Rd2 Nxf3+ 21. gxf3 Bf8
22. Ne3 a5 23. Rad1 Rb6 24. Nc4 Ba6 25. Qh2 Bxc4 26. Bxc4 Rd8 27. e5 Nh5 28.
Bh4 Be7 29. f6 Bf8 30. e6 gxf6 31. exf7+ Kh8 32. Rd5 Qxf7 33. Rxh5 Qxh5 34.
Bxf6+ Bg7 35. Bxd8 Rb7 36. Bd5 Rd7 37. Bxa5 Bd4+ 38. Rxd4 cxd4 39. Qf4 Rg7+ 40.
Kf2 Qxd5 41. Bd8 Kg8 42. Bf6 Rg6 43. Bxd4 Qc6 44. Qf5 Qe8 45. Qd5+ Qe6 46. Qa8+
Kf7 47. Qb7+ Qe7 48. Qd5+ Qe6 49. Qh5 Kg8 50. Qh4 Qc8 51. c3 bxc3 52. Bxc3 Qc5+
53. Qd4 Qxd4+ 54. Bxd4 Kf7 55. a5 Ke6 56. a6 Kd5 57. Bb6 Rg8 58. a7 Kc6 59. Bd4
Kb5 60. Ke3 Kc4 61. Bb6 Re8+ 62. Kd2 Ra8 63. f4 d5 64. f5 Kb5 65. Be3 Kc6 66.
f6 Rf8 67. Bd4 Kb7 68. Ke3 Re8+ 69. Kf3 Kc6 70. Kf4 Kb5 71. f7 Rf8 72. Ke5 Kc4
73. Ke6 Ra8 74. Bg7 d4 75. f8=Q 1-0

[Event "Festival de Benidorm - Torneo Femenino"]
[Site "Benidorm ESP"]
[Date "2010.12.07"]
[Round "2.1"]
[White "Guramishvili, Sopiko"]
[Black "Perera Borrego, Mariela"]
[Result "1-0"]
[WhiteElo "2319"]
[BlackElo "2077"]
[PlyCount "75"]
[EventDate "2010.12.07"]
[EventRounds "9"]
[EventCountry "ESP"]
[Source "lmi"]
[SourceDate "2010.12.07"]

1. Nf3 d5 2. d4 Nf6 3. c4 c6 4. e3 a6 5. b3 Bg4 6. Nbd2 b5 7. Be2 Nbd7 8. O-O
e6 9. Ne5 Bxe2 10. Qxe2 Bd6 11. f4 Rc8 12. c5 Bb8 13. Qd3 Nxe5 14. fxe5 Nd7 15.
e4 dxe4 16. Qxe4 Qe7 17. Nf3 h6 18. Qg4 g6 19. a4 b4 20. a5 Nxc5 21. dxc5 Qxc5+
22. Kh1 Bxe5 23. Nxe5 Qxe5 24. Ra2 Qb5 25. Raf2 Qb7 26. Bb2 Rh7 27. Rf6 h5 28.
Qf3 Qe7 29. Qd3 h4 30. Qxa6 Qd7 31. h3 Rc7 32. Qc4 Qd5 33. Qxd5 exd5 34. Be5
Re7 35. Bd6 Rb7 36. a6 Ra7 37. Ra1 Rh5 38. Bc5 1-0

[Event "Festival de Benidorm - Torneo Femenino"]
[Site "Benidorm ESP"]
[Date "2010.12.07"]
[Round "2.2"]
[White "Matnadze, Ana"]
[Black "Pascual Palomo, Lucia"]
[Result "1-0"]
[WhiteElo "2410"]
[BlackElo "2159"]
[PlyCount "89"]
[EventDate "2010.12.07"]
[EventRounds "9"]
[EventCountry "ESP"]
[Source "lmi"]
[SourceDate "2010.12.07"]

1. d4 Nf6 2. c4 e6 3. g3 c5 4. e3 Na6 5. Bg2 g6 6. Ne2 d6 7. O-O Bg7 8. b3 O-O
9. Bb2 Rb8 10. Nbc3 Nc7 11. Qc2 Qe7 12. Rad1 b6 13. e4 Bb7 14. e5 Nfe8 15. Bxb7
Rxb7 16. dxc5 bxc5 17. Qe4 Rb8 18. exd6 Nxd6 19. Qc6 Rfd8 20. Qxc5 Nce8 21. Ba3
Qb7 22. Qe3 Qa6 23. Bc5 Nf5 24. Qf3 Rdc8 25. Na4 h5 26. Rd7 Rc7 27. Rxc7 Nxc7
28. Rd1 Qa5 29. Qc6 Bf8 30. b4 Rxb4 31. Bxb4 Qxb4 32. Nac3 Qb8 33. Rd7 Ne8 34.
Rb7 Qd8 35. Qd7 Qxd7 36. Rxd7 a5 37. Nb5 Nf6 38. Rd8 Kg7 39. Nec3 Bc5 40. Rc8
Bb4 41. c5 Ne7 42. Rc7 Ned5 43. Nxd5 exd5 44. c6 Ne4 45. Rd7 1-0

[Event "Festival de Benidorm - Torneo Femenino"]
[Site "Benidorm ESP"]
[Date "2010.12.07"]
[Round "2.3"]
[White "Guadamuro Torrente, Anabel"]
[Black "Cerrato Torrijos, Maria"]
[Result "1/2-1/2"]
[WhiteElo "2143"]
[BlackElo "2100"]
[PlyCount "119"]
[EventDate "2010.12.07"]
[EventRounds "9"]
[EventCountry "ESP"]
[Source "lmi"]
[SourceDate "2010.12.07"]

1. e4 c5 2. Nf3 d6 3. d4 cxd4 4. Nxd4 Nf6 5. Nc3 Nc6 6. f3 e5 7. Nb3 Be7 8. Be3
O-O 9. Qd2 a5 10. Bb5 Na7 11. Bd3 Nc6 12. a3 a4 13. Nc1 Be6 14. N1e2 d5 15.
exd5 Nxd5 16. Nxd5 Qxd5 17. O-O f5 18. Nc3 Qd8 19. Rad1 Bf6 20. Bb5 Qa5 21. Qd6
Bf7 22. Bxc6 bxc6 23. Qxc6 Rfb8 24. Nd5 Bd8 25. Nb4 Bf6 26. Qd7 f4 27. Bf2 e4
28. Nc6 Qg5 29. Nxb8 Rxb8 30. fxe4 h5 31. h4 Qg6 32. Qd6 Re8 33. Qxf4 Rxe4 34.
Qf3 Rg4 35. Rfe1 Bxb2 36. Rd8+ Kh7 37. Qa8 Qf5 38. Rh8+ Kg6 39. Qa6+ Bf6 40.
Qd3 Qxd3 41. cxd3 Bd5 42. g3 Bxh4 43. Kh2 Bf6 44. Kh3 Bb2 45. Rd8 Rg5 46. Rd6+
Kh7 47. Ra6 Bb3 48. d4 Bxa3 49. Ra7 Bb4 50. Rb1 Bc3 51. Rc7 Ba5 52. Rc5 Bd8 53.
Be3 Rd5 54. Rxd5 Bxd5 55. Ra1 Bb3 56. Bc1 Ba5 57. Bb2 Bb4 58. Kg2 Kg6 59. Kf3
Kf5 60. Rc1 1/2-1/2

[Event "Festival de Benidorm - Torneo Femenino"]
[Site "Benidorm ESP"]
[Date "2010.12.07"]
[Round "2.4"]
[White "Daulyte, Deimante"]
[Black "Nicolas Zapata, Irene"]
[Result "1-0"]
[WhiteElo "2283"]
[BlackElo "2097"]
[PlyCount "83"]
[EventDate "2010.12.07"]
[EventRounds "9"]
[EventCountry "ESP"]
[Source "lmi"]
[SourceDate "2010.12.07"]

1. e4 c5 2. Nf3 d6 3. d4 cxd4 4. Nxd4 Nf6 5. Nc3 Nc6 6. Bc4 Bd7 7. Bb3 g6 8. f3
Nxd4 9. Qxd4 Bg7 10. Qf2 O-O 11. Be3 Qa5 12. O-O b5 13. Bd4 Be6 14. Nd5 Bxd5
15. exd5 Nd7 16. Bxg7 Kxg7 17. Rfe1 Rfe8 18. Re3 Rac8 19. Rae1 Ne5 20. Qh4 Qb6
21. Kh1 Rc7 22. f4 Nc4 23. Rh3 h5 24. Qg3 Rh8 25. Bxc4 bxc4 26. Qc3+ f6 27.
Rhe3 Kf7 28. h4 Qb5 29. Qd4 Rg8 30. Re6 Qb6 31. Qe4 Qb7 32. b3 cxb3 33. axb3
Rg7 34. Rxf6+ Kg8 35. Rxg6 Rxg6 36. Qxg6+ Kf8 37. Qxh5 Qb4 38. Qf5+ Ke8 39. Re3
Rc3 40. Qg6+ Kd8 41. Qg8+ Kd7 42. Qe6+ 1-0

[Event "Festival de Benidorm - Torneo Femenino"]
[Site "Benidorm ESP"]
[Date "2010.12.07"]
[Round "2.5"]
[White "L'Ami, Alina"]
[Black "Mescheriakova, Evgenia"]
[Result "1-0"]
[WhiteElo "2348"]
[BlackElo "2260"]
[PlyCount "81"]
[EventDate "2010.12.07"]
[EventRounds "9"]
[EventCountry "ESP"]
[Source "lmi"]
[SourceDate "2010.12.07"]

1. d4 e6 2. c4 Bb4+ 3. Bd2 a5 4. Nc3 Nf6 5. e4 Bxc3 6. Bxc3 Nxe4 7. Qg4 d5 8.
Qxg7 Qf6 9. Qxf6 Nxf6 10. f3 Nc6 11. Kf2 Ne7 12. b3 Bd7 13. Bd3 O-O 14. Ne2 a4
15. c5 Nc6 16. b4 Na7 17. Bc2 a3 18. Rae1 Bb5 19. Bd2 Bc4 20. Bh6 Rfb8 21. h4
Nc6 22. Rh3 Kh8 23. Bb1 Nxb4 24. Nc1 Nc6 25. Bf4 Rc8 26. Nd3 Nd7 27. Ne5 Ncxe5
28. Rxe5 Nxe5 29. Bxe5+ Kg8 30. Rg3+ Kf8 31. Rg7 Ke8 32. Rxh7 Ra4 33. h5 Rb4
34. Bg6 Rb2+ 35. Kg1 Kd7 36. Rxf7+ Kc6 37. h6 Rxa2 38. Rxc7+ Rxc7 39. Be8+ Rd7
40. h7 Ra1+ 41. Kh2 1-0

[Event "Festival de Benidorm - Torneo Femenino"]
[Site "Benidorm ESP"]
[Date "2010.12.08"]
[Round "3.1"]
[White "Mescheriakova, Evgenia"]
[Black "Guramishvili, Sopiko"]
[Result "0-1"]
[WhiteElo "2260"]
[BlackElo "2319"]
[PlyCount "120"]
[EventDate "2010.12.07"]
[EventRounds "9"]
[EventCountry "ESP"]
[Source "lmi"]
[SourceDate "2010.12.07"]

1. e4 c5 2. Nf3 d6 3. Nc3 Nf6 4. Bc4 e6 5. d4 cxd4 6. Nxd4 a6 7. a4 Be7 8. Ba2
Nc6 9. O-O O-O 10. Kh1 Nb4 11. Bb3 d5 12. e5 Nd7 13. f4 Nc6 14. Nce2 Nc5 15.
Be3 Bd7 16. c3 Nxb3 17. Nxb3 b6 18. Ned4 Qc7 19. Nxc6 Qxc6 20. Nd4 Qc4 21. Qc2
g6 22. a5 bxa5 23. b3 Qc7 24. Rfc1 Rfc8 25. Qa2 Bd8 26. Nf3 Qb7 27. Bd4 Rab8
28. Rab1 Bb5 29. Qd2 Qe7 30. Ra1 Qe8 31. Qd1 Rb7 32. Qg1 a4 33. b4 Be7 34. Qe3
Qd8 35. g4 a5 36. bxa5 Qxa5 37. f5 Qa6 38. f6 Bf8 39. Nd2 Bd3 40. Rxa4 Qxa4 41.
Qxd3 Rb2 42. Nf3 Qc4 43. Qxc4 Rxc4 44. Ra1 Rc8 45. Ra7 h6 46. Ra5 Rc2 47. Kg1
Rb8 48. Ra1 Rbb2 49. Kf1 Ra2 50. Rb1 Rcb2 51. Rc1 Ba3 52. Rd1 Rc2 53. h3 Rc1
54. Rxc1 Bxc1 55. Ke1 Bf4 56. Kd1 Rg2 57. Ke1 Rg3 58. Kf2 Rxh3 59. Kg2 Rg3+ 60.
Kf2 Rxg4 0-1

[Event "Festival de Benidorm - Torneo Femenino"]
[Site "Benidorm ESP"]
[Date "2010.12.08"]
[Round "3.2"]
[White "Nicolas Zapata, Irene"]
[Black "L'Ami, Alina"]
[Result "1-0"]
[WhiteElo "2097"]
[BlackElo "2348"]
[PlyCount "69"]
[EventDate "2010.12.07"]
[EventRounds "9"]
[EventCountry "ESP"]
[Source "lmi"]
[SourceDate "2010.12.07"]

1. d4 Nf6 2. c4 g6 3. Nc3 Bg7 4. e4 d6 5. Nf3 O-O 6. Be2 e5 7. Be3 Ng4 8. Bg5
f6 9. Bh4 g5 10. Bg3 Nh6 11. dxe5 dxe5 12. Qc2 Nc6 13. Rd1 Qe8 14. Nd5 g4 15.
Nh4 Qf7 16. c5 Be6 17. Bc4 Nd4 18. Rxd4 exd4 19. Bxc7 f5 20. O-O Kh8 21. Bd6
Rfd8 22. f3 gxf3 23. Nxf3 Bf6 24. Nxf6 Bxc4 25. Be5 Qe6 26. Ng4+ Kg8 27. Nxh6+
Kf8 28. Ng5 Qxe5 29. Rxf5+ Qxf5 30. Nxf5 Bg8 31. Nxd4 Rd7 32. Qf2+ Kg7 33. Nf5+
Kh8 34. Nd6 Rg7 35. Qf6 1-0

[Event "Festival de Benidorm - Torneo Femenino"]
[Site "Benidorm ESP"]
[Date "2010.12.08"]
[Round "3.3"]
[White "Cerrato Torrijos, Maria"]
[Black "Daulyte, Deimante"]
[Result "0-1"]
[WhiteElo "2100"]
[BlackElo "2283"]
[PlyCount "74"]
[EventDate "2010.12.07"]
[EventRounds "9"]
[EventCountry "ESP"]
[Source "lmi"]
[SourceDate "2010.12.07"]

1. e4 e5 2. Nf3 Nc6 3. Bb5 a6 4. Ba4 Nf6 5. O-O Be7 6. Re1 b5 7. Bb3 O-O 8. c3
d6 9. h3 Na5 10. Bc2 c5 11. d4 Nd7 12. Nbd2 exd4 13. cxd4 Nc6 14. Nf1 cxd4 15.
Nxd4 Nxd4 16. Qxd4 Ne5 17. Rd1 Qc7 18. Bb3 Bxh3 19. f4 Nc6 20. Qc3 Bg4 21. Rd3
Bf6 22. Qc2 Rac8 23. Ne3 Be6 24. Qd1 Rfd8 25. Ng4 Bxg4 26. Qxg4 Qe7 27. Qh3
Qxe4 28. Bd2 Nb4 29. Bxb4 Qxb4 30. Rad1 Qxf4 31. Rxd6 Rc1 32. Rxd8+ Bxd8 33.
Qd7 Bb6+ 34. Kh1 Qh4+ 35. Qh3 Rxd1+ 36. Bxd1 Qe1+ 37. Kh2 Bg1+ 0-1

[Event "Festival de Benidorm - Torneo Femenino"]
[Site "Benidorm ESP"]
[Date "2010.12.08"]
[Round "3.4"]
[White "Pascual Palomo, Lucia"]
[Black "Guadamuro Torrente, Anabel"]
[Result "1/2-1/2"]
[WhiteElo "2159"]
[BlackElo "2143"]
[PlyCount "77"]
[EventDate "2010.12.07"]
[EventRounds "9"]
[EventCountry "ESP"]
[Source "lmi"]
[SourceDate "2010.12.07"]

1. e4 e5 2. Nf3 Nc6 3. d4 exd4 4. Nxd4 g6 5. Nc3 Bg7 6. Be3 Nf6 7. Nxc6 bxc6 8.
e5 Ng8 9. f4 d6 10. Bc4 Nh6 11. Qd2 O-O 12. O-O-O Bg4 13. Be2 Bxe2 14. Qxe2 Nf5
15. Bf2 h5 16. g4 hxg4 17. Qxg4 Qe7 18. h4 Nh6 19. Qg1 Qe6 20. h5 dxe5 21. fxe5
Rad8 22. Rxd8 Rxd8 23. Bh4 Re8 24. Bf6 Ng4 25. hxg6 fxg6 26. Bxg7 Kxg7 27. Qd4
a5 28. a3 c5 29. Qxc5 Qxe5 30. Qc4 Nf6 31. Rf1 Re7 32. Kb1 g5 33. Rh1 g4 34.
Qd3 Re8 35. Qd2 Qe3 36. Qg2 Qe5 37. Qd2 Qe3 38. Qg2 Qe5 39. Qd2 1/2-1/2

[Event "Festival de Benidorm - Torneo Femenino"]
[Site "Benidorm ESP"]
[Date "2010.12.08"]
[Round "3.5"]
[White "Perera Borrego, Mariela"]
[Black "Matnadze, Ana"]
[Result "0-1"]
[WhiteElo "2077"]
[BlackElo "2410"]
[PlyCount "74"]
[EventDate "2010.12.07"]
[EventRounds "9"]
[EventCountry "ESP"]
[Source "lmi"]
[SourceDate "2010.12.07"]

1. d4 Nf6 2. Nf3 e6 3. e3 b6 4. Bd3 Bb7 5. O-O g6 6. c4 Bg7 7. Nc3 O-O 8. e4 d6
9. Re1 Nbd7 10. Bf1 h6 11. Rb1 Qe7 12. g3 Rfd8 13. Qc2 a6 14. b4 Rab8 15. a3 c6
16. h3 e5 17. d5 Rdc8 18. Qd3 b5 19. cxb5 cxd5 20. bxa6 dxe4 21. Qe3 Ba8 22.
Nh4 Nb6 23. a4 d5 24. Nb5 Nxa4 25. Qb3 Nb6 26. a7 Rb7 27. Be3 Qd7 28. Bc5 Nc4
29. Na3 Rxc5 30. bxc5 Rxb3 31. Rxb3 Qxa7 32. Nxc4 dxc4 33. Bxc4 Bf8 34. Rb6 Nd5
35. Ra6 Qxc5 36. Rxe4 Bb7 37. Ra1 Nb6 0-1

[Event "Festival de Benidorm - Torneo Femenino"]
[Site "Benidorm ESP"]
[Date "2010.12.09"]
[Round "4.1"]
[White "Guramishvili, Sopiko"]
[Black "Matnadze, Ana"]
[Result "1/2-1/2"]
[WhiteElo "2319"]
[BlackElo "2410"]
[PlyCount "39"]
[EventDate "2010.12.07"]
[EventRounds "9"]
[EventCountry "ESP"]
[Source "lmi"]
[SourceDate "2010.12.07"]

1. e4 c5 2. Nf3 d6 3. c3 Nf6 4. h3 g6 5. Bd3 Bg7 6. Bc2 O-O 7. O-O e5 8. d4 Nc6
9. dxe5 dxe5 10. Be3 b6 11. Qe2 h6 12. Nbd2 Qc7 13. Rfd1 Be6 14. Nf1 Rfd8 15.
b3 c4 16. b4 Nh5 17. Rxd8+ Rxd8 18. Rd1 Qc8 19. Rxd8+ Qxd8 20. Qd2 1/2-1/2

[Event "Festival de Benidorm - Torneo Femenino"]
[Site "Benidorm ESP"]
[Date "2010.12.09"]
[Round "4.2"]
[White "Guadamuro Torrente, Anabel"]
[Black "Perera Borrego, Mariela"]
[Result "1-0"]
[WhiteElo "2143"]
[BlackElo "2077"]
[PlyCount "113"]
[EventDate "2010.12.07"]
[EventRounds "9"]
[EventCountry "ESP"]
[Source "lmi"]
[SourceDate "2010.12.07"]

1. e4 d6 2. d4 Nf6 3. f3 e5 4. dxe5 dxe5 5. Qxd8+ Kxd8 6. Bc4 Be6 7. Bxe6 fxe6
8. Be3 Nbd7 9. Nd2 Bc5 10. Bxc5 Nxc5 11. Nc4 Ncd7 12. O-O-O Ke7 13. Nh3 a5 14.
Nf2 b5 15. Ne3 Rhf8 16. Rd2 Rad8 17. a4 c6 18. Nd3 h5 19. h4 Ne8 20. Rh3 Nd6
21. Rg3 Kf6 22. axb5 cxb5 23. Rg5 Nc4 24. Nxc4 bxc4 25. Nf2 g6 26. g4 Rh8 27.
Kb1 c3 28. Rd3 cxb2 29. gxh5 gxh5 30. Kxb2 Rb8+ 31. Rb3 a4 32. Rxb8 Rxb8+ 33.
Ka3 Nb6 34. Nd3 Rc8 35. Nxe5 Rxc2 36. Rxh5 Rc3+ 37. Kb2 Rb3+ 38. Ka2 Rc3 39.
Ng4+ Ke7 40. Rb5 Nc4 41. Rb7+ Kd6 42. h5 Rxf3 43. h6 Rh3 44. h7 a3 45. Ra7 Nb6
46. e5+ Kd5 47. Rxa3 Rh4 48. Rd3+ Kc4 49. Rd6 Nd5 50. Rd7 Nb4+ 51. Kb2 Nd3+ 52.
Kc2 Nf4 53. Nf6 Ng6 54. Rd8 Rh2+ 55. Kd1 Kc5 56. Rg8 Rh6 57. Rxg6 1-0

[Event "Festival de Benidorm - Torneo Femenino"]
[Site "Benidorm ESP"]
[Date "2010.12.09"]
[Round "4.3"]
[White "Daulyte, Deimante"]
[Black "Pascual Palomo, Lucia"]
[Result "1-0"]
[WhiteElo "2283"]
[BlackElo "2159"]
[PlyCount "69"]
[EventDate "2010.12.07"]
[EventRounds "9"]
[EventCountry "ESP"]
[Source "lmi"]
[SourceDate "2010.12.07"]

1. e4 e6 2. d4 d5 3. e5 c5 4. c3 Nc6 5. Nf3 Bd7 6. Be2 f6 7. O-O Qc7 8. exf6
gxf6 9. c4 dxc4 10. Bxc4 cxd4 11. Nxd4 Nxd4 12. Qxd4 Bd6 13. h3 e5 14. Qd3
O-O-O 15. Nc3 Ne7 16. Be3 Kb8 17. Rac1 Bf5 18. Qe2 Nc6 19. Nb5 Qg7 20. Rfd1
Bxh3 21. Qf3 Bg4 22. Qg3 Bf8 23. Rxd8+ Nxd8 24. Bxa7+ Ka8 25. Bb6 Nc6 26. Qb3
Kb8 27. Bd5 Bd7 28. Qa4 Be8 29. Bc7+ Qxc7 30. Nxc7 Kxc7 31. Qa5+ Kb8 32. Bxc6
Bxc6 33. Qd8+ Ka7 34. Rxc6 bxc6 35. Qxf6 1-0

[Event "Festival de Benidorm - Torneo Femenino"]
[Site "Benidorm ESP"]
[Date "2010.12.09"]
[Round "4.4"]
[White "L'Ami, Alina"]
[Black "Cerrato Torrijos, Maria"]
[Result "1-0"]
[WhiteElo "2348"]
[BlackElo "2100"]
[PlyCount "51"]
[EventDate "2010.12.07"]
[EventRounds "9"]
[EventCountry "ESP"]
[Source "lmi"]
[SourceDate "2010.12.07"]

1. d4 Nf6 2. c4 e6 3. Nc3 Bb4 4. f3 c5 5. d5 Bxc3+ 6. bxc3 d6 7. e4 e5 8. Bd3
Nbd7 9. Ne2 Nf8 10. h4 h6 11. Be3 Nh5 12. g4 Nf4 13. Nxf4 exf4 14. Bxf4 Qf6 15.
Bg3 Qxc3+ 16. Kf2 Qf6 17. e5 dxe5 18. Bxe5 Qb6 19. Bxg7 Rg8 20. Re1+ Kd8 21.
Qe2 Bd7 22. Qe7+ Kc7 23. d6+ Kc8 24. Bxf8 Qb2+ 25. Kg3 Qd4 26. Bf5 1-0

[Event "Festival de Benidorm - Torneo Femenino"]
[Site "Benidorm ESP"]
[Date "2010.12.09"]
[Round "4.5"]
[White "Mescheriakova, Evgenia"]
[Black "Nicolas Zapata, Irene"]
[Result "1-0"]
[WhiteElo "2260"]
[BlackElo "2097"]
[PlyCount "55"]
[EventDate "2010.12.07"]
[EventRounds "9"]
[EventCountry "ESP"]
[Source "lmi"]
[SourceDate "2010.12.07"]

1. e4 c5 2. Nf3 d6 3. Nc3 Nf6 4. Bc4 Nc6 5. d4 cxd4 6. Nxd4 Bd7 7. O-O g6 8.
Re1 Bg7 9. Bg5 O-O 10. Bb3 h6 11. Bh4 Nxd4 12. Qxd4 Bc6 13. Qd3 Nd7 14. f3 Nc5
15. Qd2 a5 16. Bf2 a4 17. Bc4 Qb6 18. Nd5 Bxd5 19. exd5 Qa5 20. Qxa5 Rxa5 21.
Rxe7 a3 22. b4 Ra4 23. Rb1 Bb2 24. Be1 Rc8 25. Bb5 Kf8 26. Re2 Raa8 27. bxc5
Rxc5 28. c4 1-0

[Event "Festival de Benidorm - Torneo Femenino"]
[Site "Benidorm ESP"]
[Date "2010.12.09"]
[Round "5.1"]
[White "Nicolas Zapata, Irene"]
[Black "Guramishvili, Sopiko"]
[Result "1/2-1/2"]
[WhiteElo "2097"]
[BlackElo "2319"]
[PlyCount "54"]
[EventDate "2010.12.07"]
[EventRounds "9"]
[EventCountry "ESP"]
[Source "lmi"]
[SourceDate "2010.12.07"]

1. c4 Nf6 2. Nf3 e6 3. g3 d5 4. Bg2 Nc6 5. O-O d4 6. d3 Be7 7. a3 a5 8. b3 O-O
9. e3 e5 10. exd4 exd4 11. Re1 Bf5 12. h3 Nd7 13. Qc2 Nc5 14. Bf1 a4 15. Nbd2
axb3 16. Nxb3 Ra6 17. Nxc5 Bxc5 18. Bg2 Qf6 19. Bf4 Bd6 20. Bg5 Qg6 21. c5 Be5
22. Nxe5 Qxg5 23. Nxc6 bxc6 24. Qc4 Ra5 25. Qxd4 Bg6 26. Qd7 Qxc5 27. Qxc7 Rxa3
1/2-1/2

[Event "Festival de Benidorm - Torneo Femenino"]
[Site "Benidorm ESP"]
[Date "2010.12.09"]
[Round "5.2"]
[White "Cerrato Torrijos, Maria"]
[Black "Mescheriakova, Evgenia"]
[Result "0-1"]
[WhiteElo "2100"]
[BlackElo "2260"]
[PlyCount "52"]
[EventDate "2010.12.07"]
[EventRounds "9"]
[EventCountry "ESP"]
[Source "lmi"]
[SourceDate "2010.12.07"]

1. e4 e5 2. Nf3 Nc6 3. Bc4 Bc5 4. c3 Nf6 5. d3 O-O 6. Nbd2 d5 7. exd5 Nxd5 8.
O-O Bg4 9. Ne4 Be7 10. Ng3 Nb6 11. Bb3 Na5 12. Bc2 Qd5 13. b4 Bxf3 14. gxf3 Nc6
15. Bb3 Qd7 16. f4 Nd5 17. fxe5 Nxc3 18. Qc2 Bxb4 19. Bd2 Nd4 20. Qb2 Nf3+ 21.
Kg2 Nh4+ 22. Kh1 Qc6+ 23. f3 Nxf3 24. Ne4 Nxd2 25. Qxd2 Nxe4 26. Qxb4 Nf2+ 0-1

[Event "Festival de Benidorm - Torneo Femenino"]
[Site "Benidorm ESP"]
[Date "2010.12.09"]
[Round "5.3"]
[White "Pascual Palomo, Lucia"]
[Black "L'Ami, Alina"]
[Result "1/2-1/2"]
[WhiteElo "2159"]
[BlackElo "2348"]
[PlyCount "104"]
[EventDate "2010.12.07"]
[EventRounds "9"]
[EventCountry "ESP"]
[Source "lmi"]
[SourceDate "2010.12.07"]

1. e4 c5 2. Nf3 d6 3. d4 cxd4 4. Nxd4 Nf6 5. Nc3 a6 6. Be2 e5 7. Nb3 Be7 8. O-O
O-O 9. a4 Be6 10. Bf3 a5 11. Re1 Na6 12. Nd2 Nb4 13. Nf1 Rc8 14. Ne3 Qb6 15.
Nb5 Rfd8 16. c3 d5 17. exd5 Nbxd5 18. Nxd5 Nxd5 19. Qe2 Bc5 20. Bxd5 Rxd5 21.
Be3 Bxe3 22. Qxe3 Qxe3 23. Rxe3 Rd2 24. Rxe5 Rxb2 25. Nd4 b6 26. Nxe6 fxe6 27.
Rxe6 Rxc3 28. Rae1 h6 29. g3 Rc4 30. Re8+ Kh7 31. R8e4 Rxe4 32. Rxe4 Kg6 33.
Re6+ Kf5 34. Rc6 h5 35. Kg2 g5 36. Rh6 Rb4 37. h4 Rxa4 38. Rxb6 gxh4 39. Rb5+
Kg6 40. Rb6+ Kf7 41. gxh4 Rxh4 42. Rb5 a4 43. Ra5 Rg4+ 44. Kh3 Rf4 45. Kg3 Rg4+
46. Kh3 Ke6 47. f3 Rb4 48. Rxh5 Kd6 49. Ra5 Kc6 50. Kg3 Kb6 51. Ra8 Kc5 52. f4
Kd6 1/2-1/2